[Event "Riga Tech Rapid op"]
[Site "Riga"]
[Date "2022.08.14"]
[Round "3"]
[White "Nesse, David"]
[Black "Vardanyan, Aras"]
[Result "0-1"]
[WhiteElo "1762"]
[BlackElo "2266"]
[PlyCount "46"]
[EventDate "2022.08.14"]
[EventType "swiss (rapid)"]
[EventRounds "9"]
[EventCountry "LAT"]
[SourceTitle "CBM 209 Extra"]
[Source "ChessBase"]
[SourceDate "2022.09.30"]
[SourceVersion "1"]
[SourceVersionDate "2022.09.30"]
[SourceQuality "1"]

1. e4 c6 2. d4 d5 3. e5 c5 4. Nf3 cxd4 5. Nxd4 Nc6 6. Nxc6 bxc6 7. Bd3 e6 8. 0-0 Ne7 9. Bg5 Qc7 10. Re1 Ng6 11. Bxg6 hxg6 12. Nd2 Rh5 13. Nf3 c5 14. c4 d4 15. b4 Bb7 16. bxc5 Bxc5 17. h4 Kf8 18. Nxd4 Rxg5 19. hxg5 Rd8 20. Nb5 Qb6 21. Nd6 Bxf2+ 22. Kh2 Ke7 23. Rb1 Rh8+ 0-1

[Event "Norrkoeping Easter op"]
[Site "Norrkoeping"]
[Date "2022.04.15"]
[Round "1"]
[White "Nesse, David"]
[Black "Sorensen, Hampus"]
[Result "0-1"]
[WhiteElo "1813"]
[BlackElo "2373"]
[PlyCount "28"]
[EventDate "2022.04.15"]
[EventType "swiss"]
[EventRounds "8"]
[EventCountry "SWE"]
[SourceTitle "CBM 207 Extra"]
[Source "ChessBase"]
[SourceDate "2022.05.31"]
[SourceVersion "1"]
[SourceVersionDate "2022.05.31"]
[SourceQuality "1"]

1. e4 e5 2. Nf3 Nc6 3. Nc3 Nf6 4. d4 exd4 5. Nxd4 Bc5 6. Be3 Bb6 7. Bc4 0-0 8. 0-0 d6 9. h3 Re8 10. f3 Ne5 11. Bb3 c5 12. Bxf7+ Nxf7 13. Nde2 d5 14. Bf4 dxe4 0-1

[Event "Uppsala Young Champions 8th"]
[Site "Uppsala"]
[Date "2021.11.01"]
[Round "5"]
[White "Nesse, David"]
[Black "Crevatin, Leo"]
[Result "0-1"]
[WhiteElo "1747"]
[BlackElo "2275"]
[PlyCount "46"]
[EventDate "2021.10.29"]
[EventType "swiss"]
[EventRounds "9"]
[EventCountry "SWE"]
[SourceTitle "CBM 205 Extra"]
[Source "ChessBase"]
[SourceDate "2022.01.31"]
[SourceVersion "1"]
[SourceVersionDate "2022.01.31"]
[SourceQuality "1"]

1. e4 c6 2. d4 d5 3. e5 c5 4. Nf3 cxd4 5. Nxd4 Nc6 6. Nxc6 bxc6 7. Bd3 e6 8. 0-0 Ne7 9. Be3 Ng6 10. f4 Be7 11. Nd2 c5 12. c3 Rb8 13. Rb1 Qa5 14. Bc2 Bd7 15. Nf3 0-0 16. h4 Bb5 17. Rf2 Rfd8 18. Ng5 d4 19. cxd4 cxd4 20. Bd2 Qb6 21. a4 d3 22. b4 dxc2 23. Qxc2 Bd3 0-1

[Event "Fagernes op"]
[Site "Fagernes"]
[Date "2020.10.07"]
[Round "5"]
[White "Nesse, David"]
[Black "Smedsrud, Morten S"]
[Result "0-1"]
[WhiteElo "1836"]
[BlackElo "1487"]
[PlyCount "76"]
[EventDate "2020.10.04"]
[EventType "swiss"]
[EventRounds "9"]
[EventCountry "NOR"]
[SourceTitle "EXT 2024"]
[Source "ChessBase"]
[SourceDate "2023.10.10"]
[SourceVersion "1"]
[SourceVersionDate "2023.10.10"]
[SourceQuality "1"]

1. e4 c6 2. d4 d5 3. e5 Bf5 4. Nf3 e6 5. Be2 c5 6. Be3 Nd7 7. Nbd2 Ne7 8. c4 cxd4 9. Bxd4 dxc4 10. Nxc4 Nd5 11. 0-0 Be7 12. Nfd2 0-0 13. f4 N7b6 14. a3 Rc8 15. Rc1 Nxc4 16. Bxc4 Nb6 17. Bf2 Nxc4 18. Nxc4 Bd3 19. Qa4 Bxf1 20. Rxf1 Qc7 21. Ne3 a6 22. Qb3 Rfd8 23. Ng4 Bc5 24. Qg3 Bxf2+ 25. Nxf2 Qc5 26. Kh1 Qc2 27. Qf3 Qxb2 28. Qe3 Rd2 29. Ne4 Rxg2 30. Nf2 Rg6 31. h4 Rh6 32. Qg3 Rg6 33. Qf3 Rc2 34. Qd3 h5 35. f5 exf5 36. Qxf5 Re2 37. Rd1 Rxf2 38. Rd8+ Kh7 0-1

[Event "Bremen-ch op"]
[Site "Bremen"]
[Date "2018.03.30"]
[Round "8"]
[White "Nesse, David"]
[Black "Wiechmann, Gerd"]
[Result "1/2-1/2"]
[WhiteElo "1724"]
[BlackElo "1991"]
[PlyCount "92"]
[EventDate "2018.03.24"]
[EventType "swiss"]
[EventRounds "9"]
[EventCountry "GER"]
[SourceTitle "EXT 2019"]
[Source "ChessBase"]
[SourceDate "2018.10.10"]
[SourceVersion "1"]
[SourceVersionDate "2018.10.10"]
[SourceQuality "1"]

1. e4 e6 2. d3 d5 3. Qe2 Nf6 4. Nf3 Be7 5. g3 0-0 6. e5 Nfd7 7. Bg2 c5 8. c4 Nc6 9. h4 f6 10. Bh3 Ndxe5 11. Nxe5 fxe5 12. Be3 Bf6 13. Bxc5 Qa5+ 14. b4 Nxb4 15. Bxb4 Qxb4+ 16. Qd2 Qc5 17. 0-0 e4 18. Nc3 Qd4 19. Rac1 exd3 20. cxd5 exd5 21. Bxc8 Raxc8 22. Nb5 Qg4 23. Rxc8 Rxc8 24. Qxd3 Qc4 25. Qf5 Rd8 26. Qe6+ Kf8 27. Rb1 Qc5 28. Rb3 Re8 29. Qd6+ Qxd6 30. Nxd6 Re1+ 31. Kg2 b6 32. Nc8 Re2 33. a3 Rb2 34. Rd3 a5 35. Rxd5 b5 36. Nd6 b4 37. Rxa5 b3 38. Rb5 Rb1 39. Ne4 Bd4 40. Nd2 Rb2 41. Nxb3 Rxf2+ 42. Kg1 Be3 43. Re5 Bb6 44. Rb5 Ba7 45. Ra5 Be3 46. Re5 Bb6 1/2-1/2

[Event "Kragero op"]
[Site "Kragero"]
[Date "2018.02.24"]
[Round "6"]
[White "Lindbol, Aleksander"]
[Black "Nesse, David"]
[Result "1-0"]
[WhiteElo "2218"]
[BlackElo "1701"]
[PlyCount "84"]
[EventDate "2018.02.21"]
[EventType "swiss"]
[EventRounds "9"]
[EventCountry "NOR"]
[SourceTitle "CBM 183 Extra"]
[Source "ChessBase"]
[SourceDate "2018.04.19"]
[SourceVersion "1"]
[SourceVersionDate "2018.04.19"]
[SourceQuality "1"]

1. c4 c5 2. Nc3 Nc6 3. g3 g6 4. Bg2 Bg7 5. Nf3 e6 6. d4 Nxd4 7. Nxd4 cxd4 8. Nb5 d5 9. Nxd4 dxc4 10. e3 e5 11. Nb5 Qxd1+ 12. Kxd1 Bg4+ 13. Ke1 0-0-0 14. Bd2 a6 15. Nc3 Ne7 16. Rc1 b5 17. a4 Bd7 18. axb5 axb5 19. b3 b4 20. Na2 Bc6 21. Rxc4 Kb7 22. Rxc6 Nxc6 23. Nxb4 Rd6 24. Nxc6 Rxc6 25. Ke2 f5 26. Bxc6+ Kxc6 27. Rc1+ Kb5 28. Rc7 Bf8 29. Rc8 Bg7 30. Rxh8 Bxh8 31. Bc3 Kc5 32. f4 Kd5 33. Bxe5 Bxe5 34. fxe5 Kxe5 35. Kf3 g5 36. g4 fxg4+ 37. Kxg4 Ke4 38. b4 Kxe3 39. b5 Kf2 40. b6 Kg2 41. b7 Kxh2 42. b8Q+ Kg2 1-0

[Event "Kragero op"]
[Site "Kragero"]
[Date "2018.02.22"]
[Round "2"]
[White "Nesse, David"]
[Black "Thorfinnsson, Bragi"]
[Result "0-1"]
[WhiteElo "1701"]
[BlackElo "2426"]
[PlyCount "36"]
[EventDate "2018.02.21"]
[EventType "swiss"]
[EventRounds "9"]
[EventCountry "NOR"]
[SourceTitle "CBM 183 Extra"]
[Source "ChessBase"]
[SourceDate "2018.04.19"]
[SourceVersion "1"]
[SourceVersionDate "2018.04.19"]
[SourceQuality "1"]

1. e4 c5 2. Nc3 e6 3. Nge2 a6 4. g3 b5 5. Bg2 Bb7 6. 0-0 Nc6 7. d3 Nf6 8. Nf4 h5 9. e5 Ng4 10. Nxh5 Ngxe5 11. f4 Nxd3 12. f5 Nxc1 13. f6 Rxh5 14. Qxh5 g6 15. Qd1 Bh6 16. Re1 Qc7 17. Ne4 Nd4 18. Qe2 Ndxe2+ 0-1

[Event "Wch U14"]
[Site "Montevideo"]
[Date "2017.09.26"]
[Round "11"]
[White "Zetocha, Adrian"]
[Black "Nesse, David"]
[Result "1-0"]
[WhiteElo "2109"]
[BlackElo "1716"]
[PlyCount "89"]
[EventDate "2017.09.17"]
[EventType "swiss"]
[EventRounds "11"]
[EventCountry "URU"]
[SourceTitle "EXT 2018"]
[Source "ChessBase"]
[SourceDate "2017.10.13"]
[SourceVersion "1"]
[SourceVersionDate "2017.10.13"]
[SourceQuality "1"]

1. d4 Nf6 2. Nf3 g6 3. c4 c5 4. d5 b5 5. e3 Bg7 6. cxb5 a6 7. Nc3 0-0 8. a4 d6 9. e4 axb5 10. Bxb5 Ba6 11. Bxa6 Nxa6 12. 0-0 Qb6 13. Rb1 Nb4 14. b3 Qa6 15. Bb2 Nd3 16. Ba1 c4 17. bxc4 Qxc4 18. Qe2 Nd7 19. Nd2 Qa6 20. Nb5 N3c5 21. Bxg7 Kxg7 22. Qe3 Qxa4 23. Qc3+ Kg8 24. Rb4 Qa5 25. Nc4 Qa2 26. f3 Ra4 27. Rxa4 Qxa4 28. Nd4 Qa7 29. Ra1 Na4 30. Qe3 Ne5 31. Nb2 Qd7 32. Rxa4 Rb8 33. Ra2 Qb7 34. Kf2 f5 35. h3 Qb4 36. exf5 gxf5 37. Nxf5 Ng6 38. Qd4 Qxd4+ 39. Nxd4 Ne5 40. Ke2 Kf7 41. Nd3 Nc4 42. Ne6 Rg8 43. g4 Nb6 44. Ndf4 h5 45. Ra7 1-0